| 000 | 00611nam a2200217 a 4500 | ||
|---|---|---|---|
| 001 | 2231 | ||
| 003 | CDMR | ||
| 005 | 20131016120608.0 | ||
| 008 | 130130s1976||||||||||||||||||||||||||||d | ||
| 020 | _a8426580351 | ||
| 040 |
_aCDMR _bcat _cCDMR |
||
| 100 | 1 |
_aFlores Jaramillo, Renán _91502 |
|
| 245 | 1 | 3 |
_aLa prensa en Hispanoamérica _cRenán Flores Jaramillo |
| 260 |
_aMadrid _bPrensa Española |
||
| 260 | _bMagisterio Español | ||
| 260 |
_c1976 _bEditora Nacional |
||
| 300 |
_a152 p ; _c18 cm |
||
| 490 | 0 |
_aBiblioteca cultural (RTVE) _v69 |
|
| 650 | 0 | 4 |
_93505 _aPremsa _zAmèrica Llatina |
| 942 |
_cMON _2udc |
||
| 999 |
_c2231 _d2231 |
||